| 000 | 00960cam a22002894a 4500 | ||
|---|---|---|---|
| 001 | 13277831 | ||
| 005 | 20201124142448.0 | ||
| 008 | 030716s2005 maua b 001 0 eng | ||
| 010 | _a 2003110149 | ||
| 020 | _a0324366086 | ||
| 035 | _a(DLC) 2003110149 | ||
| 040 |
_aDLC _cDLC _dDLC |
||
| 042 | _apcc | ||
| 050 | 0 | 0 |
_aHF5635 _b.P967 2005 |
| 082 | 0 | 0 |
_a657 _222 _bREE |
| 245 | 1 | 0 |
_aPrinciples of financial accounting / _cJames M. Reeve, Carl S. Warren, Jonathan E. Duchac. |
| 246 | 3 | 0 | _aFinancial accounting |
| 250 | _a10th ed. | ||
| 260 |
_aBoston, MA : _bThomson., _cc2007. |
||
| 300 |
_axxxiv, 846 p. : _bill. ; _c29 cm. |
||
| 500 | _aMulti-media instructional aids, including a Web site, are available to supplement the text. | ||
| 504 | _aIncludes bibliographical references and indexes. | ||
| 650 | 0 | _aAccounting. | |
| 700 | 1 | _aPowers, Marian. | |
| 942 | _2c | ||
| 999 |
_c10770 _d10770 |
||